Nové choutky mění logistiku piva

Podľa aktuálnych štatistík sú sklenené fľaše najčastejšie používaným obalom na pivo a druhým v poradí sú pivné sudy. Zvýšila sa popularita plechoviek a PET fľašiek pre nižšiu hmotnosť. Rôznorodosť obalov prináša problémy pre výrobcov ako aj pre skladovanie a dopravu na miesto predaja. Rastie záujem...

Descripción completa

Guardado en:
Detalles Bibliográficos
Autor principal: Toman, Pavel
Formato: Capítulo de libro
Lenguaje:checo
Materias:
Etiquetas: Agregar Etiqueta
Sin Etiquetas, Sea el primero en etiquetar este registro!

MARC

LEADER 00000naa a2200000 4500
001 0247645
005 20180912093556.4
041 0 |a cze 
044 |a CZ 
245 1 0 |a Nové choutky mění logistiku piva  |c Pavel Toman 
520 |a Podľa aktuálnych štatistík sú sklenené fľaše najčastejšie používaným obalom na pivo a druhým v poradí sú pivné sudy. Zvýšila sa popularita plechoviek a PET fľašiek pre nižšiu hmotnosť. Rôznorodosť obalov prináša problémy pre výrobcov ako aj pre skladovanie a dopravu na miesto predaja. Rastie záujem o multipackové balenie. Distribúcia je zložitejšia. Sudy sa zmenšujú, sortiment je bohatší. 
610 2 0 |a pivo 
610 2 0 |a pivovary 
610 2 0 |a obaly 
610 2 0 |a výroba 
610 2 0 |a distribúcia 
610 2 0 |a logistika 
610 2 0 |a preprava 
100 1 |a Toman, Pavel